Green Chemistry :environmentally benign reations
Guardat en:
| Autor principal: | |
|---|---|
| Format: | Llibre |
| Idioma: | anglès |
| Publicat: |
Ane Books
2006
|
| Etiquetes: |
Afegir etiqueta
Sense etiquetes, Sigues el primer a etiquetar aquest registre!
|
MARC
| LEADER | 00000nam a22000007a 4500 | ||
|---|---|---|---|
| 008 | 210903b ||||| |||| 00| 0 eng d | ||
| 020 | |a 9789388264440 | ||
| 100 | |a AHLUWALIA, V. K. | ||
| 245 | |a Green Chemistry |b :environmentally benign reations |c V. K. Ahlwalia |g xx,342p.:ill. | ||
| 260 | |b Ane Books |c 2006 |h New Delhi |i 696994 |i 696995 |l TP155.2.E58Ah4 |m Green Chemistry |m Catalysis |m Environmental Chemistry |m Chemical engineering |m Industrial Chemistry/Chemical Engineering | ||
| 500 | |a It includes index and references | ||
| 942 | |a lcc |c BK |e Kuteyi,M. A. |f 3/9/2021 | ||
| 952 | |0 0 |1 0 |2 lcc |4 0 |6 TP01552 E58 A H4 |7 0 |9 3373 |a HOL |b HOL |c QZ |d 2021-09-03 |l 0 |o TP155.2.E58Ah4 |p 2021-67083 |r 2021-09-03 00:00:00 |w 2021-09-03 |y BK | ||
| 952 | |0 0 |1 0 |2 lcc |4 0 |6 TP01552 E58 A H4 |7 0 |9 3374 |a HOL |b SL |c QZ |d 2021-09-03 |l 0 |o TP155.2.E58Ah4 |r 2021-09-03 00:00:00 |w 2021-09-03 |y BK | ||
| 999 | |c 1680 |d 1680 | ||